Educar para el futuro: temas transversales del currículum

Guardat en:
Dades bibliogràfiques
Autor principal: Palos Rodríguez, José (autor)
Format: Llibre
Idioma:espanyol
Publicat: Bilbao Desclée De Brouwer 1998
Col·lecció:Colección Aprender a Ser
Matèries:
Etiquetes: Afegir etiqueta
Sense etiquetes, Sigues el primer a etiquetar aquest registre!

MARC

LEADER 00000nam a2200000 a 4500
001 UCQ6702
003 CL-VaPUC
008 981023e19980000SP |||||||||||||||||spa|d
082 0 4 |a 375  |b PAL  |2 21 
100 |a Palos Rodríguez, José  |e autor  |9 457610 
245 1 0 |a Educar para el futuro: temas transversales del currículum 
300 |a 156 p 
942 |c BK 
945 |d 19981023 00:00:00  |a aarredon 
260 |a Bilbao  |b Desclée De Brouwer  |c 1998 
650 0 |a Educación  |9 258661 
650 0 |a Currículo  |9 307290 
650 0 |a Objetivos educativos  |9 306344 
650 0 |a Planes de estudio  |9 309935 
650 0 |a Planificación del currículo  |9 269599 
650 0 |a Mapas conceptuales   |9 381462 
583 |a last modification  |c 19981023 00:00:00  |k Rodrigo Vera 
490 0 |a Colección Aprender a Ser 
999 |c 276641  |d 276639 
952 |0 0  |1 0  |4 0  |6 375_000000000000000_PAL_1998  |7 0  |8 A  |9 313996  |a BIBEDU  |b BIBEDU  |d 2019-11-20  |i 3472817  |o 375 PAL 1998  |p 3472817  |r 2019-11-20  |w 2019-11-20  |y BK  |k EPE